The pirate
Shranjeno v:
| Glavni avtor: | |
|---|---|
| Format: | Knjiga |
| Jezik: | angleščina |
| Izdano: |
Londres
New English Library
1975
|
| Izdaja: | 1a. ed |
| Teme: | |
| Oznake: |
Označite
Brez oznak, prvi označite!
|
MARC
| LEADER | 00000cam a2200000 a 4500 | ||
|---|---|---|---|
| 001 | UCF6162 | ||
| 003 | CL-VaPUC | ||
| 008 | 130418e19750000UK |||||||||||||||||eng|d | ||
| 082 | 0 | 4 | |a 823 |b ROB |2 21 |
| 100 | 0 | |a Robbins, Harold |e author |9 568203 | |
| 245 | 1 | 4 | |a The pirate |
| 250 | |a 1a. ed | ||
| 300 | |a 320 p | ||
| 942 | |c BK | ||
| 945 | |d 20130418 00:00:00 |a cmena | ||
| 260 | |a Londres |b New English Library |c 1975 | ||
| 650 | 0 | |a Novelas inglesas |9 265220 | |
| 650 | 0 | |a Literatura inglesa |9 312907 | |
| 583 | |a last modification |c 20130418 10:21:00 |k Rodrigo Vera | ||
| 999 | |c 351475 |d 351473 | ||
| 952 | |0 0 |1 0 |4 0 |6 823_000000000000000_ROB_1975 |7 0 |8 A |9 455612 |a BIBEDU |b BIBEDU |d 2019-11-22 |i 494724K |o 823 ROB 1975 |p 494724K |r 2019-11-22 |w 2019-11-22 |y BK |k LIT | ||